000 00868nam a22001937a 4500
999 _c61336
_d61336
003 Ge_BSU
005 20240214123321.0
008 240214s2023 ge ||||| |||| 00| 0 geo d
020 _a9789941934100
041 _a9789941934100
080 _a346.26(479.22)(094.5) ს-32
245 _aსაქართველოს კანონი მეწარმეთა შესახებ :
_b2023 წლის 11 ოქტომბრის მდგომარეობით.
264 _aთბილისი :
_bიურისტების სამყარო,
_c2023.
300 _a194 გვ. ;
_b20 სმ.
490 _aიურისტების სამყარო
653 _aსაქართველოს სამეწარმეო სამართალი
653 _aკანონი
942 _2udc
_cᲬᲘᲒᲜᲘ